Raphael Luce Filmography - Statistics

General Stats
  • This quiz has been taken 10 times
    4 since last reset
  • The average score is 4 of 7
Answer Stats
Type Year Name % Correct
Film 2025 Dracula: A Love Tale
100%
Web Series 2021 Loki
100%
Web Series 2022 Stranger Things
100%
Film 2022 Moon Manor
33%
Short Film 2020 Ping Pong Fun
33%
TV Show 2022 The First Lady
33%
Film 2019 Troop Zero
0%
No matching quizzes found
Score Distribution
Percent of People with Each Score
Percentile by Number Answered
Your Score History
You have not taken this quiz since the last reset